ARRUPE JESUIT UNIVERSITY

CORONAVIRUS -STOP THE SPREAD - CLEAN,DISINFECT,COVER

What is intellectual history? / (Record no. 128184)

MARC details
000 -LEADER
fixed length control field 01514cam a22003378i 4500
001 - CONTROL NUMBER
control field 18526125
003 - CONTROL NUMBER IDENTIFIER
control field ARRUPE
005 - DATE AND TIME OF LATEST TRANSACTION
control field 20180919122202.0
008 - FIXED-LENGTH DATA ELEMENTS--GENERAL INFORMATION
fixed length control field 150313s2015 mau b 001 0 eng
010 ## - LIBRARY OF CONGRESS CONTROL NUMBER
LC control number 2015009367
020 ## - INTERNATIONAL STANDARD BOOK NUMBER
International Standard Book Number 9780745644929 (hardback : alk. paper)
020 ## - INTERNATIONAL STANDARD BOOK NUMBER
International Standard Book Number 9780745644936 (pbk. : alk. paper)
040 ## - CATALOGING SOURCE
Original cataloging agency DLC
Language of cataloging eng
Transcribing agency DLC
Description conventions rda
042 ## - AUTHENTICATION CODE
Authentication code pcc
050 00 - LIBRARY OF CONGRESS CALL NUMBER
Classification number B51.4
Item number .W43 2015
082 00 - DEWEY DECIMAL CLASSIFICATION NUMBER
Classification number 001.072/2
Edition number 23
100 1# - MAIN ENTRY--PERSONAL NAME
Personal name Whatmore, Richard.
9 (RLIN) 42309
245 10 - TITLE STATEMENT
Title What is intellectual history? /
Statement of responsibility, etc Richard Whatmore.
260 ## - PUBLICATION, DISTRIBUTION, ETC. (IMPRINT)
Place of publication, distribution, etc Cambridge
Name of publisher, distributor, etc Polity
Date of publication, distribution, etc 2015
263 ## - PROJECTED PUBLICATION DATE
Projected publication date 1510
300 ## - PHYSICAL DESCRIPTION
Extent pages cm
504 ## - BIBLIOGRAPHY, ETC. NOTE
Bibliography, etc Includes bibliographical references and index.
505 0# - FORMATTED CONTENTS NOTE
Formatted contents note The identity of intellectual history -- The history of intellectual history -- The method of intellectual history -- The practice of intellectual history -- The relevance of intellectual history -- Intellectual history present and future.
650 #0 - SUBJECT ADDED ENTRY--TOPICAL TERM
Topical term or geographic name as entry element Philosophy
General subdivision Historiography.
9 (RLIN) 42310
650 #0 - SUBJECT ADDED ENTRY--TOPICAL TERM
Topical term or geographic name as entry element Philosophy
General subdivision History.
9 (RLIN) 1338
906 ## - LOCAL DATA ELEMENT F, LDF (RLIN)
a 7
b cbc
c orignew
d 1
e ecip
f 20
g y-gencatlg
942 ## - ADDED ENTRY ELEMENTS (KOHA)
Source of classification or shelving scheme Library of Congress Classification
Koha item type Monograph ( Printed materials)
Holdings
Withdrawn status Lost status Source of classification or shelving scheme Damaged status Not for loan Collection code Home library Current library Shelving location Date acquired Total Checkouts Full call number Barcode Date last seen Price effective from Koha item type
    Library of Congress Classification     Main Collection ARRUPE LIBRARY ARRUPE LIBRARY Main Collection 19/09/2018   B51.4 .W43 2015 46600002068 19/09/2018 19/09/2018 Monograph ( Printed materials)

 

Arrupe Library. PO Box MP320 Mt Pleasant, Harare, Zimbabwe
263 242 745411|librarian@aju.ac.zw